जड़ की बात / (Record no. 113583)

MARC details
000 -LEADER
fixed length control field 01218nam a22002657a 4500
005 - DATE AND TIME OF LATEST TRANSACTION
control field 20170124102955.0
010 ## - LIBRARY OF CONGRESS CONTROL NUMBER
LC control number A-723634
020 ## - INTERNATIONAL STANDARD BOOK NUMBER
Terms of availability 80.00
International Standard Book Number 817037136
035 ## - SYSTEM CONTROL NUMBER
System control number A-723634
037 ## - SOURCE OF ACQUISITION
Source of stock number/acquisition Cen Lib/Ret
040 ## - CATALOGING SOURCE
Original cataloging agency DPL
Language of cataloging HN
082 ## - DEWEY DECIMAL CLASSIFICATION NUMBER
Classification number 824
Item number जैनेन्द्र
100 ## - MAIN ENTRY--PERSONAL NAME
Personal name जैनेन्द्रकुमार
9 (RLIN) 52961
245 ## - TITLE STATEMENT
Title जड़ की बात /
Statement of responsibility, etc जैनेन्द्रकुमार ; संचायनकर्ता रमेश चन्द्र शाह
246 ## - VARYING FORM OF TITLE
Title proper/short title Jada ki baat /
Remainder of title by Jainendra Kumar ; Sanchayankarta Ramesh Chandra Shah
260 ## - PUBLICATION, DISTRIBUTION, ETC. (IMPRINT)
Place of publication, distribution, etc नयी दिल्ली
Name of publisher, distributor, etc पुवोदय प्रकाशन
Date of publication, distribution, etc 1995
270 ## - ADDRESS
Address 7/8, दरियागंज
City नयी दिल्ली
Postal code 110002
300 ## - PHYSICAL DESCRIPTION
Extent xxii,158पृ.
Dimensions 21सेमी (सजिल्द)
650 ## - SUBJECT ADDED ENTRY--TOPICAL TERM
Topical term or geographic name as entry element हिंदी साहित्य
9 (RLIN) 52962
650 ## - SUBJECT ADDED ENTRY--TOPICAL TERM
Topical term or geographic name as entry element हिंदी साहित्य--निबंध
9 (RLIN) 52963
650 ## - SUBJECT ADDED ENTRY--TOPICAL TERM
Topical term or geographic name as entry element Hindi literature
9 (RLIN) 52964
650 ## - SUBJECT ADDED ENTRY--TOPICAL TERM
Topical term or geographic name as entry element Hindi literature--Essays
9 (RLIN) 52965
700 ## - ADDED ENTRY--PERSONAL NAME
Personal name शाह, रमेश चन्द्र
9 (RLIN) 44896
942 ## - ADDED ENTRY ELEMENTS (KOHA)
Source of classification or shelving scheme Dewey Decimal Classification
Koha item type Hindi Books
Classification part 824
Call number suffix जैनेन्द्र
Holdings
Withdrawn status Lost status Damaged status Not for loan Home library Current library Date acquired Source of acquisition Cost, normal purchase price Total Checkouts Full call number Barcode Date last seen Copy number Cost, replacement price Price effective from Koha item type
        Central Library Central Library 12/08/2015 Cen Lib/Ret 80.00   824 जैनेन्द्र A-723634 12/08/2015 1 80.00 12/08/2015 Hindi Books

© Delhi Public Library
Hit Counter
free hit counter